000 01541cam a22004334a 4500
001 muse65414
003 MdBmJHUP
005 20210127151146.0
006 m o d
007 cr||||||||nn|n
008 890830s1990 nyu o 00 0 eng d
010 _z 89023893
020 _a9781501722950
020 _z0801422620 (cloth)
020 _z0801497019 (paper)
020 _z9780801497018
035 _a(OCoLC)1031871014
040 _aMdBmJHUP
_cMdBmJHUP
050 0 4 _aPN771
_b.H35 1990
082 0 _a809/.04
_220
100 1 _aHayles, Katherine,
_d1943-
245 1 0 _aChaos Bound
_bOrderly Disorder in Contemporary Literature and Science /
_cN. Katherine Hayles.
264 1 _bCornell University Press,
264 3 _bProject MUSE,
300 _a1 online resource (xvi, 309 p.) :
_bill. ;
504 _aIncludes bibliographical references (p. 297-304) and index.
506 0 _aOpen Access
_fUnrestricted online access
_2star
588 _aDescription based on print version record.
650 0 _aChaotic behavior in systems in literature.
650 0 _aLiterature, Modern
_y20th century
_xHistory and criticism.
655 7 _aElectronic books.
_2local
710 2 _aProject Muse.
_edistributor
830 0 _aBook collections on Project MUSE.
856 4 0 _zFull text available:
_uhttps://muse.jhu.edu/book/57550/
999 _c24834
_d24834